The review of mineral workings and the Town and Country Planning (Minerals) Act 1981 : an introduction for practitioners (Record no. 91264)

MARC details
000 -LEADER
fixed length control field 00838cam a2200277 4500
008 - FIXED-LENGTH DATA ELEMENTS--GENERAL INFORMATION
fixed length control field 090401t1986 xxu||||| |||| 00| 0 eng d
020 ## - INTERNATIONAL STANDARD BOOK NUMBER
International Standard Book Number 085406317X
035 ## - SYSTEM CONTROL NUMBER
System control number (Sirsi) u43183
041 ## - LANGUAGE CODE
Language code of text/sound track or separate title eng
050 ## - LIBRARY OF CONGRESS CALL NUMBER
Classification number 711.1
090 ## - LOCALLY ASSIGNED LC-TYPE CALL NUMBER (OCLC); LOCAL CALL NUMBER (RLIN)
Classification number (OCLC) (R) ; Classification number, CALL (RLIN) (NR) RICS 1986/35 ABCD
110 ## - MAIN ENTRY--CORPORATE NAME
Corporate name or jurisdiction name as entry element Royal Institution of Chartered Surveyors
9 (RLIN) 4900
245 #4 - TITLE STATEMENT
Title The review of mineral workings and the Town and Country Planning (Minerals) Act 1981 : an introduction for practitioners
260 ## - PUBLICATION, DISTRIBUTION, ETC.
Place of publication, distribution, etc. London
Name of publisher, distributor, etc. SP
Date of publication, distribution, etc. 1986
300 ## - PHYSICAL DESCRIPTION
Extent 18p. ; 30cm.
350 ## - PRICE (NR) (BK AM CF MU VM SE) [OBSOLETE]
Price 3.25
490 ## - SERIES STATEMENT
Series statement Mineral Surveyors Guidance Notes
520 ## - SUMMARY, ETC.
Summary, etc. Prepared by the Minerals Division and Planning and Development Division
650 ## - SUBJECT ADDED ENTRY--TOPICAL TERM
Topical term or geographic name entry element COMPENSATION
650 ## - SUBJECT ADDED ENTRY--TOPICAL TERM
Topical term or geographic name entry element GUIDANCE NOTES
650 ## - SUBJECT ADDED ENTRY--TOPICAL TERM
Topical term or geographic name entry element MINERALS
650 ## - SUBJECT ADDED ENTRY--TOPICAL TERM
Topical term or geographic name entry element PLANNING
650 ## - SUBJECT ADDED ENTRY--TOPICAL TERM
Topical term or geographic name entry element RICS
942 ## - ADDED ENTRY ELEMENTS (KOHA)
Suppress in OPAC 0
948 ## - LOCAL PROCESSING INFORMATION (OCLC); SERIES PART DESIGNATOR (RLIN)
c (OCLC) 04/03/1997
Holdings
Withdrawn status Lost status Source of classification or shelving scheme Damaged status Not for loan Home library Current library Shelving location Date acquired Cost, normal purchase price Total Checkouts Full call number Barcode Date last seen Copy number Cost, replacement price Price effective from Koha item type
    Dewey Decimal Classification     Historic collection Historic collection RICS Boxes 14/09/1999 3.25   RICS 1986/35 30019367 06/08/2019 1 3.25 06/08/2019 Archive
    Dewey Decimal Classification     London London RICS Boxes 14/09/1999 3.25   RICS 1986/35 30019363 06/08/2019 1 3.25 06/08/2019 Book
    Dewey Decimal Classification     London London RICS Boxes 14/09/1999 3.25   RICS 1986/35 30019370 06/08/2019 3 3.25 06/08/2019 Reference material